Normal view
MARC view
- NS AMNA KHALID NS AMNA SHAFIQ PC MOMINA MARYAM NS PALWASHA MALIK
Entry Personal Name
001 - CONTROL NUMBER
- control field: 97760
003 - CONTROL NUMBER IDENTIFIER
- control field: NUST
005 - DATE AND TIME OF LATEST TRANSACTION
- control field: 20220817122947.0
008 - FIXED-LENGTH DATA ELEMENTS
- fixed length control field: 220817|| aca||aabn | a|a d
040 ## - CATALOGING SOURCE
- Original cataloging agency: NUST
- Transcribing agency: NUST
100 ## - HEADING--PERSONAL NAME
- Personal name: NS AMNA KHALID NS AMNA SHAFIQ PC MOMINA MARYAM NS PALWASHA MALIK
670 ## - SOURCE DATA FOUND
- Source citation: Work cat.: (NUST): NS AMNA KHALID NS AMNA SHAFIQ PC MOMINA MARYAM NS PALWASHA MALIK, PR-SOF-2113-PhamaB, 2022
